<?xml version="1.0" encoding="UTF-8"?>
<collection xmlns="http://www.loc.gov/MARC21/slim">
 <record>
  <leader>03700cam a2200757 c 4500</leader>
  <controlfield tag="001">723793360</controlfield>
  <controlfield tag="003">DE-627</controlfield>
  <controlfield tag="005">20260206203752.0</controlfield>
  <controlfield tag="007">tu</controlfield>
  <controlfield tag="008">030317s2003    xxk||||| c    00| ||eng c</controlfield>
  <datafield tag="010" ind1=" " ind2=" ">
   <subfield code="a">  2002116003</subfield>
  </datafield>
  <datafield tag="016" ind1="7" ind2=" ">
   <subfield code="a">bA3Z8973</subfield>
   <subfield code="2">UK</subfield>
  </datafield>
  <datafield tag="020" ind1=" " ind2=" ">
   <subfield code="q">: £25.00</subfield>
  </datafield>
  <datafield tag="020" ind1=" " ind2=" ">
   <subfield code="a">1857099036</subfield>
   <subfield code="9">1-85709-903-6</subfield>
  </datafield>
  <datafield tag="020" ind1=" " ind2=" ">
   <subfield code="a">1857099044</subfield>
   <subfield code="9">1-85709-904-4</subfield>
  </datafield>
  <datafield tag="024" ind1="3" ind2=" ">
   <subfield code="a">9781857099041</subfield>
  </datafield>
  <datafield tag="035" ind1=" " ind2=" ">
   <subfield code="a">(DE-627)723793360</subfield>
  </datafield>
  <datafield tag="035" ind1=" " ind2=" ">
   <subfield code="a">(DE-603)110295889</subfield>
  </datafield>
  <datafield tag="035" ind1=" " ind2=" ">
   <subfield code="a">(DE-576)103783768</subfield>
  </datafield>
  <datafield tag="035" ind1=" " ind2=" ">
   <subfield code="a">(DE-599)GBV723793360</subfield>
  </datafield>
  <datafield tag="035" ind1=" " ind2=" ">
   <subfield code="a">(OCoLC)314096187</subfield>
  </datafield>
  <datafield tag="035" ind1=" " ind2=" ">
   <subfield code="a">(OCoLC)314096187</subfield>
  </datafield>
  <datafield tag="035" ind1=" " ind2=" ">
   <subfield code="a">(OCoLC)451136830</subfield>
  </datafield>
  <datafield tag="035" ind1=" " ind2=" ">
   <subfield code="a">(AT-OBV)AC03787411</subfield>
  </datafield>
  <datafield tag="040" ind1=" " ind2=" ">
   <subfield code="a">DE-627</subfield>
   <subfield code="b">ger</subfield>
   <subfield code="c">DE-627</subfield>
   <subfield code="e">rakwb</subfield>
  </datafield>
  <datafield tag="041" ind1=" " ind2=" ">
   <subfield code="a">eng</subfield>
  </datafield>
  <datafield tag="044" ind1=" " ind2=" ">
   <subfield code="c">XA-GB</subfield>
  </datafield>
  <datafield tag="050" ind1=" " ind2="0">
   <subfield code="a">ND623.T7</subfield>
  </datafield>
  <datafield tag="050" ind1=" " ind2="0">
   <subfield code="a">N</subfield>
  </datafield>
  <datafield tag="050" ind1=" " ind2="0">
   <subfield code="a">ND</subfield>
  </datafield>
  <datafield tag="082" ind1="0" ind2=" ">
   <subfield code="a">759.5</subfield>
  </datafield>
  <datafield tag="084" ind1=" " ind2=" ">
   <subfield code="a">9,10</subfield>
   <subfield code="2">ssgn</subfield>
  </datafield>
  <datafield tag="084" ind1=" " ind2=" ">
   <subfield code="a">LI 89550</subfield>
   <subfield code="2">rvk</subfield>
   <subfield code="0">(DE-625)rvk/97277:13278</subfield>
  </datafield>
  <datafield tag="245" ind1="0" ind2="0">
   <subfield code="a">Titian</subfield>
   <subfield code="b">[published to accompany an exhibition at the National Gallery, London, 19 February - 18 May 2003]</subfield>
   <subfield code="c">essays by Charles Hope ... Catalogue ed. by David Jaffé ...</subfield>
  </datafield>
  <datafield tag="250" ind1=" " ind2=" ">
   <subfield code="a">1. publ.</subfield>
  </datafield>
  <datafield tag="264" ind1=" " ind2="1">
   <subfield code="a">London</subfield>
   <subfield code="b">National Gallery [u.a.]</subfield>
   <subfield code="c">2003</subfield>
  </datafield>
  <datafield tag="300" ind1=" " ind2=" ">
   <subfield code="a">192 S.</subfield>
   <subfield code="b">überwiegend Ill.</subfield>
   <subfield code="c">28 cm</subfield>
  </datafield>
  <datafield tag="336" ind1=" " ind2=" ">
   <subfield code="a">Text</subfield>
   <subfield code="b">txt</subfield>
   <subfield code="2">rdacontent</subfield>
  </datafield>
  <datafield tag="337" ind1=" " ind2=" ">
   <subfield code="a">ohne Hilfsmittel zu benutzen</subfield>
   <subfield code="b">n</subfield>
   <subfield code="2">rdamedia</subfield>
  </datafield>
  <datafield tag="338" ind1=" " ind2=" ">
   <subfield code="a">Band</subfield>
   <subfield code="b">nc</subfield>
   <subfield code="2">rdacarrier</subfield>
  </datafield>
  <datafield tag="500" ind1=" " ind2=" ">
   <subfield code="a">Literaturverzeichnis Seite [181] - 186</subfield>
  </datafield>
  <datafield tag="583" ind1="1" ind2=" ">
   <subfield code="a">Archivierung/Langzeitarchivierung gewährleistet</subfield>
   <subfield code="f">SSG</subfield>
   <subfield code="x">XA-DE-BW</subfield>
   <subfield code="2">pdager</subfield>
   <subfield code="5">DE-16</subfield>
  </datafield>
  <datafield tag="600" ind1="1" ind2="0">
   <subfield code="a">Titian</subfield>
   <subfield code="d">approximately 1488-1576</subfield>
   <subfield code="v">Exhibitions</subfield>
  </datafield>
  <datafield tag="600" ind1="1" ind2="0">
   <subfield code="a">Titian</subfield>
   <subfield code="d">approximately 1488-1576</subfield>
   <subfield code="x">Criticism and interpretation</subfield>
  </datafield>
  <datafield tag="600" ind1="1" ind2="7">
   <subfield code="0">(DE-588)118622994</subfield>
   <subfield code="0">(DE-627)133455408</subfield>
   <subfield code="0">(DE-576)163323321</subfield>
   <subfield code="a">Vecellio, Tiziano</subfield>
   <subfield code="d">1490-1576</subfield>
   <subfield code="2">gnd</subfield>
  </datafield>
  <datafield tag="655" ind1=" " ind2="7">
   <subfield code="a">Ausstellungskatalog</subfield>
   <subfield code="x">National Gallery</subfield>
   <subfield code="y">19.02.-18.05.2003</subfield>
   <subfield code="0">(DE-588)4135467-9</subfield>
   <subfield code="0">(DE-627)10566491X</subfield>
   <subfield code="0">(DE-576)209660988</subfield>
   <subfield code="2">gnd-content</subfield>
  </datafield>
  <datafield tag="655" ind1=" " ind2="7">
   <subfield code="a">Ausstellungskatalog</subfield>
   <subfield code="y">2003</subfield>
   <subfield code="z">London</subfield>
   <subfield code="0">(DE-588)4135467-9</subfield>
   <subfield code="0">(DE-627)10566491X</subfield>
   <subfield code="0">(DE-576)209660988</subfield>
   <subfield code="2">gnd-content</subfield>
  </datafield>
  <datafield tag="689" ind1="0" ind2="0">
   <subfield code="d">p</subfield>
   <subfield code="0">(DE-588)118622994</subfield>
   <subfield code="0">(DE-627)133455408</subfield>
   <subfield code="0">(DE-576)163323321</subfield>
   <subfield code="a">Vecellio, Tiziano</subfield>
   <subfield code="d">1490-1576</subfield>
   <subfield code="2">gnd</subfield>
  </datafield>
  <datafield tag="689" ind1="0" ind2=" ">
   <subfield code="5">(DE-627)</subfield>
  </datafield>
  <datafield tag="700" ind1="1" ind2=" ">
   <subfield code="a">Hope, Charles</subfield>
   <subfield code="4">oth</subfield>
  </datafield>
  <datafield tag="700" ind1="1" ind2=" ">
   <subfield code="a">Jaffé, David</subfield>
   <subfield code="e">Hrsg.</subfield>
   <subfield code="4">edt</subfield>
  </datafield>
  <datafield tag="700" ind1="1" ind2=" ">
   <subfield code="a">Vecellio, Tiziano</subfield>
   <subfield code="d">1490-1576</subfield>
   <subfield code="e">Ill.</subfield>
   <subfield code="0">(DE-588)118622994</subfield>
   <subfield code="0">(DE-627)133455408</subfield>
   <subfield code="0">(DE-576)163323321</subfield>
   <subfield code="4">ill</subfield>
  </datafield>
  <datafield tag="710" ind1="2" ind2=" ">
   <subfield code="a">The National Gallery</subfield>
   <subfield code="g">London</subfield>
   <subfield code="0">(DE-588)1003322-1</subfield>
   <subfield code="0">(DE-627)103012435</subfield>
   <subfield code="0">(DE-576)191150800</subfield>
   <subfield code="4">oth</subfield>
  </datafield>
  <datafield tag="787" ind1="0" ind2="8">
   <subfield code="i">Rezensiert in</subfield>
   <subfield code="a">Strupp, Joachim</subfield>
   <subfield code="t">[Rezension von: Charles Hope / Jennifer Fletcher / Jill Dunkerton, Titian]</subfield>
   <subfield code="d">2003</subfield>
   <subfield code="w">(DE-627)1920613188</subfield>
  </datafield>
  <datafield tag="856" ind1="4" ind2="2">
   <subfield code="u">https://swbplus.bsz-bw.de/bsz103783768inh.htm</subfield>
   <subfield code="m">B:DE-576;DE-16</subfield>
   <subfield code="q">application/pdf</subfield>
   <subfield code="v">20100201203118</subfield>
   <subfield code="x">Verlag</subfield>
   <subfield code="3">Inhaltsverzeichnis</subfield>
   <subfield code="7">1</subfield>
  </datafield>
  <datafield tag="856" ind1="4" ind2="2">
   <subfield code="u">http://www.sehepunkte.de/2003/03/2393.html</subfield>
   <subfield code="m">V:DE-576;X:Sehepunkte</subfield>
   <subfield code="q">text/html</subfield>
   <subfield code="v">20180424113611</subfield>
   <subfield code="3">Rezension</subfield>
   <subfield code="7">1</subfield>
  </datafield>
  <datafield tag="856" ind1="4" ind2="2">
   <subfield code="u">http://www.loc.gov/catdir/description/yale051/2002116003.html</subfield>
   <subfield code="x">Verlag</subfield>
   <subfield code="3">Verlagsangaben</subfield>
   <subfield code="7">1</subfield>
  </datafield>
  <datafield tag="856" ind1="4" ind2="2">
   <subfield code="u">http://www.loc.gov/catdir/enhancements/fy0613/2002116003-b.html</subfield>
   <subfield code="x">Verlag</subfield>
   <subfield code="3">Autorenbiografie</subfield>
   <subfield code="7">1</subfield>
  </datafield>
  <datafield tag="856" ind1="4" ind2="2">
   <subfield code="u">http://scans.hebis.de/HEBCGI/show.pl?11029588_toc.pdf</subfield>
   <subfield code="m">V:DE-576;B:DE-16</subfield>
   <subfield code="q">application/pdf</subfield>
   <subfield code="3">Inhaltsverzeichnis</subfield>
   <subfield code="7">1</subfield>
  </datafield>
  <datafield tag="935" ind1=" " ind2=" ">
   <subfield code="i">Blocktest</subfield>
  </datafield>
  <datafield tag="936" ind1="r" ind2="v">
   <subfield code="a">LI 89550</subfield>
   <subfield code="b">Werkverzeichnisse, Ausstellungskataloge. Personalbibliografien</subfield>
   <subfield code="k">Kunstgeschichte</subfield>
   <subfield code="k">Künstler-Monografien</subfield>
   <subfield code="k">Alphabetische Künstlerliste</subfield>
   <subfield code="k">Künstler T</subfield>
   <subfield code="k">Tiziano Vecellio (bis 89560)</subfield>
   <subfield code="k">Werkverzeichnisse, Ausstellungskataloge. Personalbibliografien</subfield>
   <subfield code="0">(DE-627)1270704893</subfield>
   <subfield code="0">(DE-625)rvk/97277:13278</subfield>
   <subfield code="0">(DE-576)200704893</subfield>
  </datafield>
  <datafield tag="936" ind1="s" ind2="n">
   <subfield code="a">l300</subfield>
   <subfield code="2">mzub</subfield>
  </datafield>
  <datafield tag="951" ind1=" " ind2=" ">
   <subfield code="a">BO</subfield>
  </datafield>
  <datafield tag="990" ind1=" " ind2=" ">
   <subfield code="a">Vecellio, Tiziano</subfield>
  </datafield>
  <datafield tag="991" ind1=" " ind2=" ">
   <subfield code="a">Rezensiertes Werk</subfield>
  </datafield>
  <datafield tag="999" ind1=" " ind2=" ">
   <subfield code="a">KXP-PPN723793360</subfield>
   <subfield code="e">4957217599</subfield>
  </datafield>
 </record>
</collection>
